Vicente Llorens (Record no. 169834)

MARC details
000 -LEADER
campo de control de longitud fija 00956nam a2200205 i 4500
001 - NÚMERO DE CONTROL
campo de control 169834
003 - IDENTIFICADOR DE NÚMERO DE CONTROL
campo de control ES-MaACL
005 - FECHA Y HORA DE LA ÚLTIMA TRANSACCIÓN
campo de control 20250704182946.0
008 - DATOS DE LONGITUD FIJA--INFORMACIÓN GENERAL
campo de control de longitud fija 081204s2007 sp a |||| |bspa d
080 ## - NÚMERO DE LA CLASIFICACIÓN DECIMAL UNIVERSAL
Número de la Clasificación Decimal Universal 929 Llorens, Vicente (060.64)
245 00 - MENCIÓN DEL TÍTULO
Título Vicente Llorens
Resto del título : el retorno del desterrado.
260 ## - PUBLICACIÓN, DISTRIBUCIÓN, ETC.
Lugar de publicación, distribución, etc. [Valencia] :
Nombre del editor, distribuidor, etc. Biblioteca Valenciana :
-- Sociedad Estatal de Conmemoraciones Culturales,
Fecha de publicación, distribución, etc. [2007]
300 ## - DESCRIPCIÓN FÍSICA
Extensión [22] p. :
Otras características físicas principalmente il. ;
Dimensiones 13 cm.
500 ## - NOTA GENERAL
Nota general Exposición organizada por la Biblioteca Valenciana y la Sociedad Estatal de Conmemoraciones Culturales en las Salas de la Fundación Francisco Giner de los Ríos [Institución Libre de Enseñanza], 12 de abril - 27 de mayo de 2007.
600 14 - PUNTO DE ACCESO ADICIONAL DE MATERIA--NOMBRE DE PERSONA
Nombre de persona Llorens, Vicente,
Fechas asociadas al nombre 1906-1979
9 (RLIN) 72884
710 2# - ENTRADA AGREGADA--NOMBRE DE ENTIDAD CORPORATIVA
Nombre de entidad corporativa o nombre de jurisdicción como elemento de entrada Biblioteca Valenciana.
9 (RLIN) 139003
710 2# - ENTRADA AGREGADA--NOMBRE DE ENTIDAD CORPORATIVA
Nombre de entidad corporativa o nombre de jurisdicción como elemento de entrada Sociedad Estatal de Conmemoraciones Culturales (España)
9 (RLIN) 134893
852 ## - LOCALIZACIÓN
Ubicación ES-MaACL
Número de control de estantería 2239-F-22
Holdings
Estatus retirado Estado de pérdida Estado de daño No para préstamo Colección Biblioteca de origen Biblioteca actual Ubicación en estantería Fecha de adquisición Fuente de adquisición Total de préstamos Signatura topográfica completa Código de barras Visto por última vez Precio de reemplazo Tipo de ítem Koha
        Colección de folletos Biblioteca del Ateneo de Madrid Biblioteca del Ateneo de Madrid Depósito folletos 04/12/2008     2239-F-22 1178306 23/02/2023 23/02/2023 Folleto